Холодильная техника и технология: Респ. межвед. науч.-техн. сб.; Холодильная техника и технология

التفاصيل البيبلوغرافية
Parent link:Холодильная техника и технология: республиканский межведомственный научно-технический сборник/ Одесский институт низкотемпературной техники и энергетики ; под ред. И. Г. Чумака. Вып. 39.— , 1965-1991
اللغة:الروسية
منشور في: Киев, Технiка, 1984
الموضوعات:
التنسيق: كتاب
KOHA link:https://koha.lib.tpu.ru/cgi-bin/koha/opac-detail.pl?biblionumber=284187

MARC

LEADER 00000nam2a2200000 4500
001 284187
005 20231101235654.0
035 |a (RuTPU)RU\TPU\book\308326 
090 |a 284187 
100 |a 20150212d1984 k y0rusy5003 ca 
101 0 |a rus 
102 |a UA 
105 |a a z 001zy 
200 1 |a Холодильная техника и технология  |e Респ. межвед. науч.-техн. сб.  |f М-во высш. и сред. спец. образования УССР  |g [Редкол.: Алексеев В. П. (отв. ред.) и др.] 
210 |a Киев  |c Технiка  |d 1984 
215 |d 20 см  |a 105 с.  |c ил. 
320 |a Библиография в конце статей 
461 1 |0 (RuTPU)RU\TPU\book\193004  |t Холодильная техника и технология  |o республиканский межведомственный научно-технический сборник  |f Одесский институт низкотемпературной техники и энергетики ; под ред. И. Г. Чумака  |v Вып. 39  |d 1965-1991 
606 1 |a Холодильная техника в целом  |2 stltpush  |3 (RuTPU)RU\TPU\subj\17486  |9 43112 
610 1 |a холодильное дело 
610 1 |a криогенные машины 
610 1 |a фреоны 
610 1 |a сетчатые теплообменники 
610 1 |a компрессоры 
610 1 |a холодильные агенты 
610 1 |a теплообменники 
610 1 |a охлаждение 
675 |a 621.56  |z rus  |v 4 
801 0 |a RU  |b RuMRKP  |c 19950704  |g psbo 
801 1 |a RU  |b 63413507  |c 20150212 
801 2 |a RU  |b 63413507  |c 20171006  |g RCR 
942 |c BK